|
|
|
|
| LEADER |
00000nab a2200000uu 4500 |
| 001 |
vtls010905610 |
| 003 |
SK-MaSNL |
| 005 |
20260303142356.0 |
| 008 |
230222|1967 xo |||||||||||||||||eng| |
| 015 |
|
|
|a SNBRB
|
| 035 |
|
|
|a (urnnbn)urn:nbn:sk:snk:ar-a07uue
|
| 035 |
|
|
|a (uuid)22b6333e-ca5c-4aa7-b0a8-ec7e01e371b9
|
| 035 |
|
|
|a urn:nbn:sk:snk-ab8w5b
|
| 040 |
|
|
|a SNKBUCL
|b slo
|c SNKBUCL
|e AACR2
|
| 041 |
0 |
|
|a eng
|
| 044 |
|
|
|a xo
|c SK
|
| 100 |
1 |
|
|a Palát, Miroslav,
|d 1927-2014
|4 aut
|9 203087
|
| 245 |
1 |
0 |
|a THE PROBLEM OF AN OBJECTIVE JUDGMENT OF OVERLOADING IN THERAPEUTICAL PHYSICAL TRAINING
|c Miroslav Palát
|
| 773 |
0 |
|
|t Acta Facultatis Educationis Fisicae Universitatis Comenianae
|g Roč. 6, č. 6 (1967), s. 99-106
|
| 958 |
|
|
|a OND
|
| 958 |
|
|
|a EUIPO
|
| 958 |
|
|
|a article10
|
| 999 |
|
|
|c 1982441
|d 1984371
|